| Tag |
First Indicator |
Second Indicator |
Subfields |
| LEADER |
00000cgm a2200000Ia 4500 |
| 001 |
in00002430708 |
| 005 |
20151109165833.0 |
| 007 |
vd bvaizm |
| 008 |
071022p20071932nyu078 g vleng d |
| 020 |
|
|
|a 9781604650204
|
| 020 |
|
|
|a 1604650206
|
| 020 |
|
|
|z 9781604650168 (set)
|
| 024 |
1 |
|
|a 715515028127
|c set
|
| 028 |
4 |
2 |
|a ECL040
|b Criterion Collection
|
| 028 |
4 |
2 |
|a ECL036
|b Criterion Collection (set)
|
| 035 |
|
|
|a (OCoLC)ocn212023737
|
| 035 |
|
|
|a (OCoLC)212023737
|
| 040 |
|
|
|a NUI
|c NUI
|d MR0
|d RCS
|d OCLCQ
|d PAU
|d VP@
|d TXA
|d UtOrBLW
|
| 049 |
|
|
|a TXAM
|
| 050 |
1 |
4 |
|a PN1997
|b .O54 2007
|
| 050 |
0 |
4 |
|a PT2613.O56
|b N872 2007
|
| 082 |
0 |
4 |
|a 791.43/72
|2 22
|
| 090 |
|
|
|a PN1995.9.M86
|b O54 2007
|
| 245 |
0 |
0 |
|a One hour with you /
|c Paramount presents an Ernst Lubitsch production ; directed by Ernst Lubitsch ; assisted by George Cukor ; screen play by Samson Raphaelson.
|
| 264 |
|
1 |
|a [Irvington, N.Y.] :
|b Criterion Collection ;
|a Universal City, CA :
|b Universal Studios Home Entertainment,
|c [2007]
|
| 264 |
|
4 |
|c ©2007
|
| 300 |
|
|
|a 1 videodisc (78 min.) :
|b sound, black and white ;
|c 4 3/4 in.
|
| 336 |
|
|
|a two-dimensional moving image
|b tdi
|2 rdacontent
|
| 337 |
|
|
|a video
|b v
|2 rdamedia
|
| 338 |
|
|
|a videodisc
|b vd
|2 rdacarrier
|
| 490 |
1 |
|
|a Eclipse series ;
|v 8
|
| 538 |
|
|
|a DVD; region 1; 1.36:1 aspect ratio; Dolby digital mono.; NTSC.
|
| 546 |
|
|
|a Subtitles for the deaf and hard-of-hearing.
|
| 511 |
1 |
|
|a Maurice Chevalier, Jeanette MacDonald, Genevieve Tobin, Charlie Ruggles, Roland Young, George Barbier.
|
| 508 |
|
|
|a Cinematographer, Victor Milner ; editor, William Shea ; music, Oscar Straus ; lyrics, Leo Robin.
|
| 500 |
|
|
|a Based on the play by Lothar Schmidt.
|
| 500 |
|
|
|a DVD release of the 1932 motion picture.
|
| 520 |
|
|
|a A seemingly blissful couple's marriage hits the skids when the wife's flirtatious school chum comes on to her husband a bit too strong.
|
| 500 |
|
|
|a Videorecording.
|
| 650 |
|
0 |
|a Married people
|v Drama.
|
| 650 |
|
0 |
|a Flirting
|v Drama.
|
| 655 |
|
7 |
|a Feature films.
|2 lcgft
|
| 655 |
|
7 |
|a Comedy films.
|2 lcgft
|
| 655 |
|
7 |
|a Musical films.
|2 lcgft
|
| 655 |
|
7 |
|a Film adaptations.
|2 lcgft
|
| 655 |
|
7 |
|a Video recordings for the hearing impaired.
|2 lcgft
|
| 655 |
|
7 |
|a Feature films.
|2 gsafd
|
| 655 |
|
7 |
|a Comedy films.
|2 gsafd
|
| 655 |
|
7 |
|a Musical films.
|2 gsafd
|
| 655 |
|
7 |
|a Comedy
|v Feature.
|2 migfg
|
| 655 |
|
7 |
|a Music
|v Feature.
|2 migfg
|
| 655 |
|
7 |
|a Adaptation
|v Feature.
|2 migfg
|
| 700 |
1 |
|
|a Lubitsch, Ernst,
|d 1892-1947.
|
| 700 |
1 |
|
|a Cukor, George,
|d 1899-1983.
|
| 700 |
1 |
|
|a Raphaelson, Samson,
|d 1896-1983.
|
| 700 |
1 |
|
|a Chevalier, Maurice,
|d 1888-1972.
|
| 700 |
1 |
|
|a MacDonald, Jeanette,
|d 1903-1965.
|
| 700 |
1 |
|
|a Tobin, Genevieve,
|d 1901-1995.
|
| 700 |
1 |
|
|a Ruggles, Charlie,
|d 1886-1970.
|
| 700 |
1 |
|
|a Young, Roland,
|d 1887-1953.
|
| 700 |
1 |
|
|a Barbier, George,
|d 1864-1945.
|
| 700 |
1 |
|
|a Schmidt, Lothar,
|d 1862-1931.
|t Nur ein Traum= Only a dream.
|
| 710 |
2 |
|
|a Paramount Publix Corporation.
|
| 710 |
2 |
|
|a Universal Studios Home Entertainment (Firm)
|
| 710 |
2 |
|
|a Criterion Collection (Firm)
|
| 830 |
|
0 |
|a Eclipse (Criterion Collection (Firm)).
|n Series 8,
|p Lubitsch musicals.
|
| 994 |
|
|
|a C0
|b TXA
|
| 948 |
|
|
|a cataloged
|b h
|c 2008/10/28
|d c
|e blrosas
|f 10:37:29 am
|
| 999 |
|
|
|a MARS
|
| 999 |
f |
f |
|s 33d79f67-6f21-34a8-a4e9-4371ed1a9209
|i 8d56657a-b680-3236-863e-b837c864233f
|t 0
|
| 952 |
f |
f |
|p ric
|a Texas A&M University
|b Rellis Campus
|c Joint Library Facility
|d Remote Storage
|t 0
|e PN1995.9.M86 O54 2007
|h Library of Congress classification
|i video -- videodisc
|m A14837372605
|
| 998 |
f |
f |
|a PN1995.9.M86 O54 2007
|t 0
|l Remote Storage
|